000
00246nam a2200109Ia 4500
008
190216s9999||||xx |||||||||||||| ||und||
100
_a
Vasudevan K
245
0
_a
Management Accounting
260
_b
New Heights
_c
1980
300
_a
466p
942
_c
BK
999
_c
4407
_d
4407